| Tag |
First Indicator |
Second Indicator |
Subfields |
| LEADER |
00000cam a2200000 a 4500 |
| 001 |
in00000085607 |
| 005 |
20151008053230.0 |
| 008 |
820316s1927 enkabf 00010 engmd |
| 010 |
|
|
|a agr28000620
|
| 035 |
|
|
|a (OCoLC)08245901
|
| 035 |
|
|
|9 AAH6750AM
|
| 040 |
|
|
|a U.S. Dept. of agr. Library
|c LUU
|d LUU
|d TXA
|d UtOrBLW
|
| 049 |
|
|
|a TXAM
|c [1655763]
|
| 090 |
|
|
|a HD9100.5
|b M28
|
| 100 |
1 |
|
|a Carr, Samuel,
|d 1913-
|
| 245 |
1 |
0 |
|a Economic aspects of cane sugar production /
|c by Francis Maxwell.
|
| 264 |
|
1 |
|a London :
|b N. Rodger,
|c 1927.
|
| 300 |
|
|
|a vi, 199 pages, 16 leaves of plates :
|b illustrations, folded map 26 cm.
|
| 336 |
|
|
|a text
|b txt
|2 rdacontent
|
| 337 |
|
|
|a unmediated
|b n
|2 rdamedia
|
| 338 |
|
|
|a volume
|b nc
|2 rdacarrier
|
| 650 |
|
0 |
|a Sugar trade.
|
| 650 |
|
0 |
|a Sugarcane.
|
| 999 |
|
|
|a MARS
|
| 999 |
f |
f |
|s 89ee6745-1dd7-3911-bf82-d3a37629adee
|i c0c4cb2b-6c5f-3232-beb1-456e128eabb9
|t 0
|
| 952 |
f |
f |
|p ric
|a Texas A&M University
|b Rellis Campus
|c Joint Library Facility
|d Remote Storage
|t 0
|e HD9100.5 M28
|h Library of Congress classification
|i unmediated -- volume
|m A14806048532
|
| 998 |
f |
f |
|a HD9100.5 M28
|t 0
|l Remote Storage
|